000 00505nam a22001697a 4500
005 20251108164102.0
008 250721s1983 xx 000 0 ara d
082 1 4 _a325.3/محم
100 1 _aالغزالي، محمد
245 1 0 _aالإستعمار :
_bأحقاد و أطماع /
250 _aط3 . ، مزيدة و منقحة
264 1 _aالقاهرة :
_bدار الكتب الإسلامية،
_c1983.
300 _a270ص
650 1 7 _aالإستعمار
942 _2ddc
_cBK
999 _c3252
_d3252